|
|
|
|
| LEADER |
01223nam a2200253 i 4500 |
| 001 |
c000243729 |
| 003 |
CARM |
| 005 |
00000000000000.0 |
| 008 |
840308s1969 nyu 0 eng d |
| 019 |
1 |
|
|a 247224
|z 45095514
|5 LACONCORD2021
|
| 035 |
|
|
|a (OCoLC)17394
|5 LACONCORD2021
|
| 082 |
0 |
4 |
|a 309.230973
|
| 245 |
0 |
0 |
|a On fighting poverty :
|b perspectives from experience /
|c Edited by James L. Sundquist with the assistance of Corinne Saposs Schelling.
|
| 260 |
|
|
|a New York :
|b Basic Books,
|c [1969].
|
| 300 |
|
|
|a 256 p.
|
| 490 |
1 |
|
|a American Academy of Arts and Sciences, Boston. Library; perspectives on poverty ;
|v 2
|
| 500 |
|
|
|a Based on papers presented at a continuing seminar of the American Academy of Arts and Sciences on problems of race and poverty during the academic year 1966-67.
|
| 650 |
|
0 |
|a Economic assistance, Domestic
|z United States.
|
| 700 |
1 |
|
|a Sundquist, James L.
|
| 710 |
2 |
|
|a American Academy of Arts and Sciences.
|
| 830 |
|
0 |
|a Perspectives on poverty ;
|v 2.
|
| 852 |
8 |
|
|b CARM
|h A2:AR11F0
|i C08639
|p 0326680
|f BK
|
| 999 |
f |
f |
|i 075faac5-177e-5e98-a50d-a153e1d195de
|s 56a88fd8-f3fa-5c9c-b7cf-0184ac220a27
|
| 952 |
f |
f |
|p Can circulate
|a CAVAL
|b CAVAL
|c CAVAL
|d CARM 1 Store
|e C08639
|f A2:AR11F0
|h Other scheme
|i book
|m 0326680
|